| 000 | 00382nam a2200157Ia 4500 | ||
|---|---|---|---|
| 008 | 230917s9999||||xx |||||||||||||| ||und|| | ||
| 040 |
_e78119 _aMAIN |
||
| 041 | _aEnglish | ||
| 082 | _a342 K48L | ||
| 100 | _aKesari, U P D | ||
| 245 | 0 | _aLectures on administrative law | |
| 250 | _a11th ed. | ||
| 260 |
_aAllahabad _bCentral Law _c1995 |
||
| 300 | _axxviii, 420 p. | ||
| 942 | _cBK | ||
| 999 |
_c91017 _d91017 |
||